000
00343nam a2200145Ia 4500
999
_c
14089
_d
14089
003
OSt
005
20260317152835.0
008
260210s9999 xx 000 0 und d
020
_a
9788957707326
082
_a
729
100
_a
Archiworld
245
0
_a
Detail Plus Interior+Architecture, Vol. III
260
_b
Archiworld
942
_c
BDES
_2
ddc